000 00650nam a2200193 a 4500
001 000011821
005 20240301140404.0
008 091028s1999 pr 000 f spa d
020 _a1881715558
040 _aDO-SdBNP
_bspa
_cBNPHU
082 _aPR863.44
_bC115h
100 1 _aCabiya, Pedro,
_d1971-
_916077
245 1 0 _aHistorias tremendas que fabrica la liebre perpicaz para burlar a la voraz hiena /
_cPedro Cabiya.
260 _aSan Juan, Puerto Rico :
_bIsla Negra,
_c1999.
300 _a192 p. ;
_c22 cm.
650 4 _aNovela puertorriqueña
_91185
650 4 _aLiteratura puertorriqueña
_9250
910 _aValidado. Control de calidad BNPHU
999 _c11495
_d11495